Quizzes
Events
Quiz Creation
Community
Videos
Private Events
Remove Ads
Sign In
Join for FREE
Feedback
Dark Mode
Quiz Categories
Sports
Geography
Music
Movies
Television
Just For Fun
Miscellaneous
History
Literature
Language
Science
Gaming
Entertainment
Religion
Holiday
For Kids
Quiz Lab
Recent
Popular Today
Quiz Kudos Today
Editor Picks
Curator Picks
Quizzes by...
Day
Popularity
Type
Ratings
Length
Year
Community
Subscriptions
Recent Discussions
Orange Saloon
Badges
Playlists
Quests
Create
Leaderboards
Showdown
Live 5
Trivia Bingo
Activity
Puzzle Library
Sporcle Events
Private Events
Virtual Trivia
Globe League
Become a Host
Pub Owners
SporcleCon
Opinionation
Our Games
Videos
Blog
Mobile Apps
Partnerships
Remove Ads and Go Orange
Feedback
Literature
Harry Potter
A Song of Ice and Fire
The Hunger Games
Literary Character
Shakespeare
Book
Author
Novel
Poem
Young Adult
Children's Books
Play
Lord of the Rings
Literature
Harry Potter
A Song of Ice and Fire
The Hunger Games
Literary Character
Shakespeare
Book
Author
Novel
Poem
Young Adult
Children's Books
Play
Lord of the Rings
Random Quiz
Search Sporcle
×
Editor Pick
Editor Pick
Literature
Shakespeare
Type in answers that appear in a list
Type in answers that appear in a list
Classic
Best Score? Go Orange.
Shakespeare's Plays in One Word Stats
Can you name the Shakespearean plays from one word?
By
NP_Pilch
9m
22 Questions
3,917 Plays
3,917 Plays
3,917 Plays
Comments
Comments
Give Quiz Kudos
Give Quiz Kudos
-
- Ratings
hide this ad
Forced Order
Answers have to be entered in order
Answers have to be entered in order
Random Order
Randomize order of answers
Randomize order of answers
Replay
Link that replays current quiz
Next Quiz
Link to next quiz in quiz playlist
You Got
0%
They Got
Avg Score
50%
Avg Friend Score
Upgrade to see
Score Distribution
Jump to the score distribution portion of the page
Score
0/22
Timer
09:00
0
Plays Today
Hint
Play
% Correct
Skull
Hamlet
89.3%
Cauldron
Macbeth
88.7%
Feud
Romeo and Juliet
85.6%
Jew
The Merchant of Venice
78.6%
Ass
A Midsummer Night's Dream
77.3%
Asp
Antony and Cleopatra
69.6%
Twins
The Comedy of Errors
69.3%
Handkerchief
Othello
63.6%
Hunchback
Richard III
53.5%
15th
Julius Caesar
52.4%
Savage
The Tempest
52%
Hint
Play
% Correct
Troy
Troilus and Cressida
46.6%
Obedience
The Taming of the Shrew
42.5%
Pie
Titus Andronicus
35.8%
Statue
The Winter's Tale
34.9%
Wits
Much Ado About Nothing
34.7%
Garters
Twelfth Night
33.1%
Honesty
King Lear
25.4%
Wealth
Timon of Athens
24.9%
Cuckold
The Merry Wives of Windsor
22.3%
Ring
All's Well That Ends Well
20.4%
Princess
Love's Labours Lost
16.1%
Quiz Playlist
Details
Report
Send in Message
Add To Playlist
Classic:
Type in answers that appear in a list
Forced Order:
Answers have to be entered in order
Random Order:
Randomize order of answers
Last Updated: Feb 16, 2017
Editor Pick in
Literature
Curator Pick in
Shakespeare
Quiz Scoreboard
CHALLENGE
Sign Up to Join the Scoreboard
Show All
Scores
Hide
Comments
May contain spoilers
Recently Published
Popular People in 1961
by mucciniale
History
6m
1-10 Letter E Words III
by El_Dandy
Language
2m
One Thing in Common: World Cities II
by knightlancer
Geography
7m
More to Explore
Quiz From the Vault
Featured Blog Post
Where Did the Easter Bunny Come From?
hide this ad
You Might Also Like...
Tags
Play Quiz
Shakespeare Quiz
1-word
Today's Top Quizzes in Literature
Browse Literature
hide this ad
Today's Top Quizzes in Shakespeare
Browse Shakespeare
Top Contributed Quizzes in Literature
1
Sneaky Slytherin Logic Puzzle
2
Get The Picture: Black or White Literature
3
One Thing in Common: Literature
4
Weasley Family Reunion: Logic Puzzle
5
Lily Potter Start to Finish
6
James Potter Start to Finish
7
ASOIAF Logic Puzzle [Difficult] [Read Note first!!]
8
One piece logic quiz 3 (Hard difficulty)
9
One Thing in Common: Books
10
Harry Potter and the Philosopher's Stone Logic Puzzle
Explore More
Trending Topics
Anime
Kpop
Marvel
Disney
NBA
Crossword
Harry Potter
The Office
Pokémon
Soccer
WWE
Puzzle
NFL
Country
Song
hide this ad
More By:
NP_Pilch
Quiz
Plays
Rating
Category
Featured
Created
Shakespeare's Plays in One Word
3,917
3.82
Literature
Dec 24, 2009
Periodic Table of Puns
2,410
2.67
Science
Dec 6, 2009
Shakespeare's Plays by Translations
432
3.50
Literature
Dec 24, 2009
Sitcoms by Episode Name 2
422
4.00
Television
Jan 19, 2010
Shakespeare Play by Disguise
303
3.00
Literature
Jan 17, 2012
Go to Creator's Profile
Score Distribution
Quiz Creator Spotlight
NP_Pilch
Follow
Send a Message
Quizzes Created
-
Created Quiz Play Count
-
More By This Creator
Popular Quizzes Today
1
Find the US States - No Outlines Minefield
2
The Countries of the World
3
Find the Countries of Europe - No Outlines Minefield
4
Popular People in 1961
5
1-10 Letter E Words III
6
Find the US States
7
One Thing in Common: World Cities II
8
US States
More Literature Quizzes
Headless Harry Potter
Curator's Pick
Trending Quizzes
Risky Map Clicking: Least Populous States A-Z
1-10 Letter F Words
1-10 Letter G Words
One Thing in Common: United Kingdom
Risky Map Clicking: Next State Alphabetically
Recently Updated
Leaping Animals
pecheneg
Reality TV Shows (A-Z)
bhenderson79
Rickey Henderson's Hall of Fame Teammates
pecheneg
Champions League XIs: Arsenal
pecheneg
Quick Pick: Celebrities in WWE's Hall of Fame
aduchscher
A-Z Keypad Blitz II
pecheneg
Multiple Oscar Actors
pecheneg
Mystery Phrase Blitz: Oscar 'Best Actors'
pecheneg
F. Scott Fitzgerald Novels
LTH
Pick 3 Villains
ddd62291
Trending Topics
Marvel
Anime
Disney
Crossword
Harry Potter
Kpop
NBA
The Office
Pokémon
WWE
Song
Soccer
Puzzle
NFL
Country
Your Account Isn't Verified!
In order to create a playlist on Sporcle, you need to verify the email address you used during registration. Go to your
Sporcle Settings
to finish the process.
Report this User
Report this user for behavior that violates our
Community Guidelines
.
Details:
Send Report
Go to the Sporcle.com Mobile Site →
Comments